Rozdelený svet [prečo žijeme v epoche múrov]
Saved in:
| Main Author: | |
|---|---|
| Other Authors: | |
| Format: | Book |
| Language: | Slovak |
| Published: |
Bratislava
Premedia
2018
|
| Edition: | 1. vydanie |
| Series: | Civilizácia
7. zväzok |
| Subjects: | |
| Tags: |
No Tags, Be the first to tag this record!
|
MARC
| LEADER | 00000nam a2200000 4500 | ||
|---|---|---|---|
| 001 | 0252000 | ||
| 005 | 20240221113149.5 | ||
| 020 | |a 978-80-8159-643-8 | ||
| 041 | 0 | |a slo | |
| 044 | |a SK | ||
| 245 | 1 | 0 | |a Rozdelený svet |b [prečo žijeme v epoche múrov] |c Tim Marshall ; preložil: Igor Otčenáš |
| 250 | |a 1. vydanie | ||
| 264 | 1 | |a Bratislava |b Premedia |c 2018 | |
| 300 | |a 247 s. | ||
| 490 | 1 | |a Civilizácia |v 7. zväzok | |
| 830 | 0 | |a Civilizácia |v 7. zväzok | |
| 610 | 2 | 0 | |a svet |
| 610 | 2 | 0 | |a globalizácia |
| 610 | 2 | 0 | |a situácia politická |
| 610 | 2 | 0 | |a konflikty etnické |
| 610 | 2 | 0 | |a konflikty medzinárodné |
| 610 | 2 | 0 | |a konflikty náboženské |
| 610 | 2 | 0 | |a vojny |
| 610 | 2 | 0 | |a terorizmus |
| 610 | 2 | 0 | |a zmeny klimatické |
| 610 | 2 | 0 | |a migrácia |
| 610 | 2 | 0 | |a integrácia ekonomická medzinárodná |
| 610 | 2 | 0 | |a problémy spoločenské |
| 610 | 2 | 0 | |a vzťahy medzinárodné |
| 610 | 2 | 0 | |a prognózy |
| 100 | 1 | |a Marshall, Tim | |
| 700 | 1 | |a Otčenáš, Igor | |